000 00533nam a2200217Ia 4500
003 OSt
005 20220924134544.0
006 a|||||r|||| 00| 0
007 ta
008 220923b |||||||| |||| 00| 0 snd d
024 _a276606
037 _cTextual
040 _aARTS
_cARTS
_bsnd
041 _2snd
_asnd
082 _aQ, 1593K0
100 _aNarayandas Ratanmal
_9208677
245 0 _aBharm vidya mala
260 _c1960
942 _hQ, 1593K0
_cTEXL
_2CC
999 _c437782
_d437782